000 00983nam a2200229 i 4500
001 39728
003 ES-MaACL
005 20250715193503.0
007 t|
008 030304s1939 sp |||| | spa d
100 1 _aCantalupo, Roberto.
_934622
245 1 3 _aLa clase dirigente
_b: (profundo estudio sobre la ideología del fascismo y la historia contemporánea de Italia) /
_cRoberto Cantalupo ; traducción del italiano por Manuel Aznar ; aclaraciones preliminares por Cristobal del Castillo.
260 _a[S.l. :
_bEspasa Calpe,
_c1939 (
_eGranada :
_f(Imp. Hº de Paulino Ventura)
300 _a153 p. ;
_c20 cm.
650 _aFascismo-
_zItalia.
_9160050
651 4 _aItalia-
_xHistoria-
_y1914-1945.
_9159351
700 1 _aAznar Zubigaray, Manuel,
_d1894-1975
_924321
700 1 _aCastillo, Cristobal del.
_936680
852 _aES-MaACL
_jA-4855
852 _aES-MaACL
_jL-32211
_z. - Donat. herederos de la bibl. de Mª del Pilar Costa Palacín
999 _c39728
_d39728